Pays les plus petit du monde - Statistiques

Statistiques générales
  • Ce quiz a été pris 137 fois
  • Le résultat moyen est 6 sur 10
Statistiques - réponses
Réponse % Correct
Vatican
98%
Monaco
92%
Saint-Marin
81%
Liechtenstein
75%
Nauru
56%
Tuvalu
50%
Saint-Christophe-et-Niévès
47%
Malte
44%
Îles Marshall
37%
Maldives
18%
Aucun quiz correspondant
Distribution des résultats
% des personnes avec chaque résultat
Percentile par nombre de réponses
Votre historique - résultats
Vous n’avez pas pris ce quiz